El papel de las encuestas en las elecciones federales : memoria /
Análisis de los ejercicios muestrales sobre tendencias electorales para la contienda por la presidencia de la República del pasado 2 de julio del 2000. Se ofrece reflexiones sobre el proceso de levantamiento de encuestas, el proceso de conteo rápido por el IFE, conteo rápido por el CIRT, conteos ráp...
Gardado en:
| Autor Corporativo: | |
|---|---|
| Formato: | Procedimiento de la conferencia Libro |
| Idioma: | Lingua castelá |
| Temas: | |
| Etiquetas: |
Sen Etiquetas, Sexa o primeiro en etiquetar este rexistro!
|
MARC
| LEADER | 00000nam^a2200000^a^4500 | ||
|---|---|---|---|
| 001 | 000131619 | ||
| 005 | 20250521000000.0 | ||
| 009 | 20260310095030.194 | ||
| 037 | |a Acervo ITESO - Biblioteca | ||
| 041 | |a ESP | ||
| 082 | |a 324. 9720640 |b TAL 2000 | ||
| 111 | |a Taller de Análisis Lógico Sumiya 2000 ( |n 1o : |d 2000 : |c Instituto Federal Electoral) | ||
| 245 | 1 | 3 | |a El papel de las encuestas en las elecciones federales : |b memoria / |c Taller de Análisis Lógico Sumiya 2000 |
| 264 | |a México : |b Instituto Federal Electoral : |b Asociación Mexicana de Agencias de Investigación de Mercado y Opinión : |b Colegio Nacional de Actuarios, |c 2001 | ||
| 300 | |a 286 p. | ||
| 336 | |a texto |b txt |2 rdacontenido | ||
| 337 | |a sin mediación |b n |2 rdamedio | ||
| 338 | |a volumen |b nc |2 rdasoporte | ||
| 520 | |a Análisis de los ejercicios muestrales sobre tendencias electorales para la contienda por la presidencia de la República del pasado 2 de julio del 2000. Se ofrece reflexiones sobre el proceso de levantamiento de encuestas, el proceso de conteo rápido por el IFE, conteo rápido por el CIRT, conteos rápidos y encuestas de salida hechos por los medios de comunicación y de otras mediciones preelectorales y de conteo rápido. | ||
| 649 | |a XX | ||
| 650 | |a Medición | ||
| 650 | |a Confiabilidad | ||
| 650 | |a Encuestas de Opinión - |z México | ||
| 650 | |a Metodología Cuantitativa | ||
| 650 | |a Investigación de Mercado - |z México | ||
| 650 | |a Elecciones - |z México - |x Análisis | ||
| 650 | |a Elecciones - |z México - |x Historia - |y 1994-2000 | ||
| 650 | |a Política - |z México - |x Historia - |y Siglo XX | ||
| 910 | |a Fondo General | ||
| 920 | |a Impresos - Libros | ||
| 930 | |a Colección General | ||
| 905 | |a 101 | ||
| 901 | |a 0500062294 |b IT1 |c ACC |u 20250521 | ||
| 902 | |a https://opac.biblio.iteso.mx/vufind/Record/000131619 | ||